| 000 | 00719ntaaa2200217 4500 | ||
|---|---|---|---|
| 003 | 01 | ||
| 005 | 20251027202236.0 | ||
| 008 | 0714s1973 ag 01 | ||
| 040 |
_aAR-BaBN _bspa _cAR-BaBN _eaacr _dRIC |
||
| 082 | _a268.1200 Es1 | ||
| 100 | _aGrice, Homero L | ||
| 245 | _aManual para los obreros en la escuela bíblica de vacaciones | ||
| 250 | _a1 ed. | ||
| 260 |
_aEl Paso : _bCasa Bautista de Publicaciones, _cn.f. |
||
| 300 | _a31 p | ||
| 500 | _aSe usa esta manual con libro A, B y C de los programas.Ejs. 1, 2, and 5-26, retirados definitivamente de biblioteca Nov. 1973 | ||
| 650 | _aescuela bíblica de vacaciones | ||
| 650 |
_aprincipiantes _93772 |
||
| 700 |
_aShumate, Willie Jean _920866 |
||
| 942 | _cBK | ||
| 999 |
_c17250 _d17250 |
||